Movies with a 100% (Or Close) Rotten Tomatoes TomatoMeter Score - Statistics

General Stats
  • This quiz has been taken 460 times
  • The average score is 42 of 102
Answer Stats
Release Date Leading Actors/Actresses Genre Answer % Correct
1984 Arnold Schwarzenegger; Michael Biehn; Linda Hamilton Action The Terminator
86%
1972 Marlon Brando; Al Pacino; James Caan; Robert Duvall; Diane Keaton Crime; Drama The Godfather
80%
1995 Tom Hanks; Tim Allen; Don Rickles Family; Animation Toy Story
77%
1942 Humphrey Bogart; Ingrid Bergman; Paul Henreid Romance; Drama Casablanca
74%
1991 Jodie Foster; Anthony Hopkins Thriller; Drama; Crime The Silence of the Lambs
74%
2002 Elijah Wood; Ian McKellen; Viggo Mortensen; Andy Serkis; Sean Astin Fantasy; Adventure The Lord of the Rings: The Two Towers
73%
2019 Robert Downey Jr.; Chris Evans; Mark Ruffalo; Chris Hemsworth; Scarlett Johansson Adventure; Science Fiction; Action Avengers: Endgame
70%
1984 Bill Murray; Dan Aykroyd; Sigourney Weaver; Rick Moranis Fantasy; Comedy Ghostbusters
70%
1979 Sigourney Weaver; Tom Skerritt; Ian Holm; John Hurt Horror; Science Fiction Alien
69%
1988 Bruce Willis; Alan Rickman; Alexander Godunov Action; Thriller Die Hard
69%
1981 Harrison Ford; Karen Allen; Paul Freeman Adventure; Action Raiders of the Lost Ark
68%
2021 Tom Holland; Zendaya; Benedict Cumberbatch Action; Adventure Spider-Man: No Way Home
68%
2008 Robert Downey Jr.; Jeff Bridges; Gwyneth Paltrow Adventure; Science Fiction; Action Iron Man
67%
1939 Judy Garland; Ray Bolger; Jack Haley; Bert Lahr Adventure; Fantasy The Wizard of Oz
67%
1990 Ray Liotta; Robert De Niro; Joe Pesci Drama; Crime Goodfellas
65%
2018 Chadwick Boseman; Michael B. Jordan; Lupita Nyong'o; Danai Gurira; Martin Freeman Action; Adventure; Science Fiction Black Panther
64%
1997 Matt Damon; Robin Williams; Ben Affleck Drama Good Will Hunting
64%
1967 Clint Eastwood; Eli Wallach; Lee Van Cleef Western The Good, the Bad and the Ugly
64%
2019 Song Kang-ho; Lee Sun-kyun; Cho Yeo-jeong Drama; Thriller Parasite
63%
1952 Gene Kelly; Donald O'Connor; Debbie Reynolds Music; Drama Singin' in the Rain
63%
1993 Bill Murray; Andie MacDowell; Chris Elliott Comedy; Romance; Drama; Fantasy Groundhog Day
62%
1964 Julie Andrews; Dick Van Dyke; David Tomlinson Family; Comedy Mary Poppins
62%
1960 Anthony Perkins; Janet Leigh; Vera Miles Drama; Thriller; Horror Psycho
62%
1976 Robert De Niro; Jodie Foster; Albert Brooks Drama; Crime Taxi Driver
62%
1982 Henry Thomas; Drew Barrymore; Robert MacNaughton Family; Adventure; Science Fiction E.T. the Extra-Terrestrial
61%
1978 Jamie Lee Curtis; Donald Pleasence; Nancy Kyes Horror; Thriller Halloween
59%
1979 Martin Sheen; Marlon Brando; Robert Duvall; Laurence Fishburne War; Drama Apocalypse Now
58%
1941 Orson Welles; Joseph Cotten; Dorothy Comingore Drama; Mystery Citizen Kane
57%
2007 Elliot Page; Michael Cera; Jennifer Garner; Jason Bateman Romance; Drama; Comedy Juno
57%
1993 Liam Neeson; Ben Kingsley; Ralph Fiennes War; Drama; History Schindler's List
57%
2010 Jesse Eisenberg; Andrew Garfield; Justin Timberlake; Rooney Mara Drama The Social Network
57%
2022 Tom Cruise; Miles Teller; Jennifer Connelly Drama; Action Top Gun: Maverick
57%
1996 Frances McDormand; William H. Macy; Steve Buscemi Drama; Crime; Thriller Fargo
56%
2013 Sandra Bullock; George Clooney; Ed Harris Science Fiction; Thriller; Drama Gravity
55%
1975 Roy Scheider; Robert Shaw; Richard Dreyfuss Horror Jaws
55%
1931 Colin Clive; Mae Clarke; Boris Karloff Horror Frankenstein
53%
1988 Tom Hanks; Elizabeth Perkins; Robert Loggia; John Heard Romance; Drama; Comedy Big
52%
1962 Peter O'Toole; Omar Sharif; Alec Guinness War; Drama; History; Adventure Lawrence of Arabia
52%
1975 Graham Chapman; John Cleese; Eric Idle Comedy; Adventure; Fantasy Monty Python and the Holy Grail
50%
2022 Michelle Yeoh; Stephanie Hsu; Jamie Lee Curtis Adventure; Science Fiction; Action Everything Everywhere All at Once
49%
2015 Tom Hardy; Charlize Theron; Nicholas Hoult; Zoë Kravitz Adventure; Science Fiction; Action Mad Max: Fury Road
49%
1998 Jim Carrey; Laura Linney; Noah Emmerich Comedy; Drama The Truman Show
49%
2013 Chiwetel Ejiofor; Michael Fassbender; Lupita Nyong'o; Benedict Cumberbatch History; Drama 12 Years a Slave
47%
1980 Robert Hays; Julie Hagerty; Leslie Nielsen; Kareem Abdul-Jabbar Comedy Airplane!
47%
2000 Chow Yun-Fat; Michelle Yeoh; Zhang Ziyi Adventure; Drama; Romance Crouching Tiger, Hidden Dragon
47%
1957 Martin Balsam; John Fiedler; Henry Fonda Drama 12 Angry Men
44%
2013 Joaquin Phoenix; Scarlett Johansson; Amy Adams Romance; Science Fiction; Drama Her
44%
1987 Cary Elwes; Robin Wright; Mandy Patinkin; Chris Sarandon Fantasy; Comedy; Romance; Adventure The Princess Bride
44%
2017 Daniel Kaluuya; Allison Williams; Catherine Keener Horror; Thriller Get Out
43%
2020 Lin-Manuel Miranda; Leslie Odom Jr.; Renée Elise Goldsberry History; Drama Hamilton
43%
2017 Hugh Jackman; Dafne Keen; Patrick Stewart Action; Science Fiction; Drama Logan
42%
1937 Adriana Caselotti; Lucille La Verne; Harry Stockwell Family; Animation Snow White and the Seven Dwarfs
42%
1954 James Stewart; Grace Kelly; Thelma Ritter Thriller; Mystery Rear Window
41%
2010 Jeff Bridges; Hailee Steinfeld; Matt Damon; Josh Brolin Drama; Western; Adventure True Grit
41%
2019 Saoirse Ronan; Florence Pugh; Emma Watson; Timothée Chalamet Drama; History; Romance Little Women
39%
1954 Toshirō Mifune; Takashi Shimura; Yoshio Inaba Action; Drama Seven Samurai
39%
1984 Heather Langenkamp; Robert Englund; John Saxon Horror A Nightmare on Elm Street
38%
1954 Marlon Brando; Karl Malden; Lee J. Cobb Crime; Drama On the Waterfront
38%
2009 Ed Asner; Jordan Nagai; Christopher Plummer Family; Animation Up
38%
2011 Brad Pitt; Jonah Hill; Philip Seymour Hoffman; Chris Pratt Drama Moneyball
37%
1941 Humphrey Bogart; Mary Astor; Peter Lorre Crime; Mystery The Maltese Falcon
36%
1967 Paul Newman; George Kennedy; Luke Askew Crime; Drama Cool Hand Luke
35%
2017 Saoirse Ronan; Laurie Metcalf; Timothée Chalamet Drama; Comedy Lady Bird
34%
2019 Adam Driver; Scarlett Johansson; Laura Dern Drama Marriage Story
34%
1959 Cary Grant; Eva Marie Saint; James Mason Thriller; Mystery North by Northwest
34%
1968 Mia Farrow; John Cassavetes; Ruth Gordon Drama; Thriller; Horror Rosemary's Baby
34%
2016 Amy Adams; Jeremy Renner; Forest Whitaker Drama; Science Fiction; Mystery Arrival
33%
2001 Rumi Hiiragi; Miyu Irino; Mari Natsuki Fantasy; Family; Animation Spirited Away
32%
1930; 1979; 2022 Louis Wolheim (1930); Richard Thomas (1979); Felix Kammerer (2022) War; History All Quiet on the Western Front
31%
1989 Matthew Broderick; Denzel Washington; Morgan Freeman; Cary Elwes Drama; History; War Glory
31%
1922; 1979 Max Schreck (1922); Klaus Kinski (1979); Isabelle Adjani (1979) Fantasy; Horror Nosferatu
31%
1967 Sidney Poitier; Rod Steiger; Warren Oates Drama; Crime; Mystery; Thriller In the Heat of the Night
30%
1936 Charlie Chaplin; Paulette Goddard; Henry Bergman Comedy; Drama Modern Times
29%
1981 Jürgen Prochnow; Herbert Grönemeyer; Klaus Wennemann War; Drama; History Das Boot
27%
2014 Jake Gyllenhaal; Rene Russo; Bill Paxton Crime; Thriller; Drama Nightcrawler
25%
1964 Clint Eastwood; Marianne Koch; Gian Maria Volonté Western A Fistful of Dollars
23%
1973 Richard Dreyfuss; Ron Howard; Paul le Mat; Candy Clark Drama; Comedy American Graffiti
23%
1940 Dickie Jones; Cliff Edwards; Christian Rub Family; Animation Pinocchio
22%
1950 William Holden; Gloria Swanson; Erich von Stroheim Drama Sunset Boulevard
22%
1969 Henry Fonda; Claudia Cardinale; Charles Bronson Drama; Western Once Upon a Time in the West
19%
2018 John David Washington; Adam Driver; Topher Grace; Alec Baldwin History; Drama; Crime; Comedy BlacKkKlansman
18%
1940 Cary Grant; Katharine Hepburn; James Stewart Comedy; Romance The Philadelphia Story
17%
1971 Timothy Bottoms; Cybill Shepherd; Jeff Bridges Drama The Last Picture Show
15%
1940 Joan Fontaine; Laurence Olivier; Judith Anderson Drama; Mystery; Romance Rebecca
14%
2016 Trevante Rhodes; André Holland; Janelle Monáe Drama Moonlight
13%
1939 John Wayne; Claire Trevor; Andy Devine Western; Drama Stagecoach
13%
2017 Steve Buscemi; simon Russell Beale; Rupert Friend; Jason Isaacs History; Drama; Comedy The Death of Stalin
13%
1940 Henry Fonda; Jane Darwell; John Carradine Drama The Grapes of Wrath
13%
1990 Anjelica Huston; Jasen Fisher; Rowan Atkinson Horror; Adventure The Witches
13%
2021 Nicholas Cage; Alex Wolff; Adam Arkin Drama; Thriller Pig
11%
1925 Charlie Chaplin; Georgia Hale; Mack Swain Comedy; Drama The Gold Rush
11%
1946 Myrna Loy; Fredric March; Dana Andrews; Harold Russell Drama; War; Romance The Best Years of Our Lives
10%
2019 Shia LaBeouf; Zack Gottsagen; Dakota Johnson Comedy; Adventure; Drama The Peanut Butter Falcon
10%
2013 Matthew McConaughey; Reese Witherspoon; Tye Sheridan Drama Mud
9%
2008 Philippe Petit Documentary Man on Wire
6%
1937 Janet Gaynor; Fredric March; Adolphe Menjou Romance; Drama A Star is Born
5%
2014 Essie Davis; Noah Wiseman Horror; Drama The Babadook
5%
2013 Dean Gomersall; Samantha Berg; John Jett Documentary Blackfish
3%
2020 Sope Dirisu; Wunmi Mosaku; Matt Smith Horror His House
3%
2018 Thomasin McKenzie; Ben Foster Drama Leave No Trace
3%
2016 Kwak Do-won; Hwang Jung-min; Chun Woo-hee Mystery; Horror The Wailing
3%
2017 Bill Nye; Neil deGrasse Tyson; Ann Druyan Documentary Bill Nye: Science Guy
1%
No matching quizzes found
Score Distribution
Percent of People with Each Score
Percentile by Number Answered
Your Score History
You have not taken this quiz